000 00347 a2200157 4500
001 148738
040 _cEscola São Tomás de Aquino
100 _aROCHA, Ruth
240 1 0 _aRubens, o semeador
_lpor
245 1 0 _aRubens, o semeador
300 _a36
362 0 _a2004
440 1 _aSalamandra
697 _a*LITERATURA INFANTIL
942 _cBK
999 _c148738
_d148738